000 00417nam a2200145Ia 4500
008 210210b1976 xxu||||| |||| 00| 0 eng d
020 _a0 912776 83 8
082 _aS891.6 BHAB
100 _aBHAKTIVEDANTA (A C).
245 _aBhagavatam. Sixth canto: Prescribed duties for mankind.Part 1
260 _aBombay
_bBhaktivedanta book trust.
_c1976
300 _a322
690 _aSanskrit Prakirana
906 _aSG00795
999 _c111991
_d111991